000 00763nam a2200265 i 4500
001 C2-0150082
003 PPAK
005 20210627121954.0
008 980325s1996 my a j | 0 may d
020 _a9839791966
_qpaperback
040 _aPPAK
_beng
_cPPAK
_erda
082 0 4 _a297
_223
090 0 0 _a297
_bSES
_dK
245 0 0 _aSesalan /
_cPenyusun : Norhayuza Mohamad
264 1 _aKuala Lumpur :
_bGema Insan,
_c1996
300 _a14 pages :
_billustrations ;
_c22 cm
336 _2rdacontent
_atext
337 _2rdamedia
_aunmediated
338 _2rdacarrier
_avolume
490 1 _aSiri haiwan dari Al-Quran
650 1 0 _aIslamic stories, Malay
700 0 _aNorhayuza Mohamad,
_ecompiler.
830 0 _aSiri haiwan dari Al-Quran
942 _cB
_2ddc
999 _c47346
_d47346